000
00287nam a22001337a 4500
003
SGT
082
_a
617.7
_b
C08K
100
_a
KALEVAR, V.
245
_a
CLINICAL OPHTHALMOLOGY
260
_a
INDIA
_b
ANE BOOKS
_c
2008
300
_a
536
650
_a
OPHTHALMOLOGY
942
_2
ddc
_c
BK
_0
3
999
_c
14645
_d
14645